| 000 | 00591nam a2200217Ii 4500 | ||
|---|---|---|---|
| 003 | JO-AjNU | ||
| 008 | 230606s9999||||xx |||||||||||||| ||und|| | ||
| 020 | _a978-13-705346-9 | ||
| 040 |
_aJO-AjNU _beng _erda _cJO-AjNU |
||
| 041 | _aeng | ||
| 050 | 1 | 4 | _aQA76.6.2011 |
| 100 | 3 |
_aSOMMERVILLE, _eauthor _91209 |
|
| 245 | 0 | 0 | _aSoftware Engineering |
| 250 | _aNinth Edition. | ||
| 264 | 3 | 1 | _aPEARSON: BOSTON, 2011 |
| 300 | _a772p | ||
| 336 |
_atext _btxt _2rdacontent |
||
| 337 |
_aunmediated _bn _2rdamedia |
||
| 338 |
_avolume _bnc _2rdacarrier |
||
| 650 | 4 |
_aSoftware Engineering _91210 |
|
| 999 |
_aE636 _c636 _d636 |
||